000 00483cam a2200205 4500
001 D5865
008 090401t1979 xxu||||| |||| 00| 0 eng d
035 _a(Sirsi) u73922
041 _aeng
050 _a692.5
110 _aInstitute of Building
_92440
245 _aCode of estimating practice
250 _a4th
260 _aAscot
_bIOB
_c1979
300 _a73p. 30cm
350 _a3.5
710 _aEstimating Practice Committee
_92445
942 _n0
948 _c04/03/1997
999 _c95740
_d95740